01186pam a2200277 450000100100000000500170001000800410002701000130006802000150008104000230009604200090011905000170012810000320014524500530017725000140023026000380024430000210028250503520030365000270065565000270068265000250070991000340073408200100076895201150077899900150089300000162120200929145635.0731107s1974 tnu j 000 1 eng  a73019901 a0840763743 aDO-SdBNPcDLCdDLC alcac00aPZ5.E48bCr31 aElwood, Roger,ecomp.9530610aCrisis: ten original stories of science fiction. a[1st ed.] aNashville, :bT. Nelson,c[1974]. a176 p. ;c21 cm.0 aSilverberg, R. The day the founder died.--Brackett, L. "Mommies and daddies."--Godwin, T. We'll walk again in the moonlight.--Eklund, G. Psychosomatica.--Piserchia, D. Limited accomodations.--Hoch, E. D. The boy who brought love.--Exter, M. The spacers' dance.--Bone, J. F. Gamesman.--Goldsmith, H. The Proust syndrome.--Russell, R. Xong of Xuxan. 0aScience fiction.95307 1aScience fiction.95307 1aShort stories.95308 aCatalogación por copia / LC00a[Fic] 001052708MOaGRbGRcCTd2009-09-11iLF1l0o[Fic] p1621-10r2020-06-25w2020-06-25y2ZPréstamo interno c1512d1512